000 00750nam a22001697a 4500
008 230408s2023 xxk||||| |||| 00| 0 eng d
041 _aeng
245 _aRICS Guidance and Definitions of Surveying Services
260 _c2023
300 _a9p.
520 _aA list of typical surveying services. The list is not exhaustive but more an indicator of typical roles from Building Pathology and Construction Cost Management to Rural Estate Management and Valuation
651 _aInternational
690 _96277
_aRICS
710 _aRoyal Institution of Chartered Surveyors
856 _uhttps://rics.koha-ptfs.co.uk/cgi-bin/koha/opac-retrieve-file.pl?id=a14db88aa82512fd7850f5dd8ee8821c
_zAvailable via RICS Knowledge Services
942 _n0
999 _c121479
_d121479